00476nam a2200145Ia 4500100001800000942000700018654001700025245009400042260004300136082001800179300000800197546001200205999001700217952009600234 aAtthreya/N.H  cBK aorganisation aImproving managerial functions and increasing organisational capaility through Management bMMC School Of ManagementaMumbaic1976 a658.4012bATT a219 aENGLISH c25399d25399 001040708CRCaCRCEbCRCEd2023-03-17l0o658.4012 ATTp12724r2023-03-17w2023-03-17yBK